00341nam a2200133 450000500170000010000300001724500260004726400300007330000170010333600220012033700240014233800240016699900170019020260530113844.01 aGordon Brotherston93055310aMexican Painted Books 1bUniversity of Essexc1992 a40 páginas atexto2rdacontent asin medio2rdamedia avolumen2rdacarrier c11228d11228